| 000 | 00588cam a22001815a 4500 | ||
|---|---|---|---|
| 001 | L156361 | ||
| 008 | 120515s1844 xxk f 000 0 eng d | ||
| 035 | _a(Sirsi) u156361 | ||
| 041 | 0 | _aeng | |
| 100 | 1 | _aGarret, William | |
| 245 | 0 | 2 |
_aA catalogue of curious and rare old books ... _bforming a portion of the stock of William Garret ... |
| 260 |
_a[Newcastle _bPrinted by T. and J. Hodgson _c1844-49] |
||
| 300 |
_a5 pts. in 1 v. _c23 cm. |
||
| 583 |
_aCondition reviewed _c20120620 _lcondition level 2 |
||
| 651 | 4 |
_aGreat Britain _y1707- |
|
| 690 | _aArt and antiques | ||
| 942 | _n0 | ||
| 999 |
_c114209 _d114209 |
||